[Event "Prague Open 2022 - A IM Open"]
[Site "Olympik hotel, Prague"]
[Date "2022.01.09"]
[Round "4"]
[Board "23"]
[White "Jordanov, Mihail"]
[Black "Kudrytskyi, Stanislav"]
[Result "1-0"]
[WhiteElo "2209"]
[BlackElo "2057"]
[PlyCount "0"]
[EventDate "2022.01.07"]
[EventRounds "9"]
[EventCountry "CZE"]

1. e4 {[%clk 1:30:35]} d6 {[%clk 1:30:11]} 2. d4 {[%clk 1:30:58]} Nf6
{[%clk 1:30:36]} 3. Nc3 {[%clk 1:31:22]} e5 {[%clk 1:31:03]} 4. Nf3
{[%clk 1:31:35]} Nbd7 {[%clk 1:31:31]} 5. Bc4 {[%clk 1:31:50]} Be7
{[%clk 1:31:58]} 6. a4 {[%clk 1:32:10]} O-O {[%clk 1:32:13]} 7. O-O
{[%clk 1:32:30]} c6 {[%clk 1:32:39]} 8. Re1 {[%clk 1:32:36]} b6 {[%clk 1:32:43]}
9. h3 {[%clk 1:32:49]} Bb7 {[%clk 1:32:59]} 10. Ba2 {[%clk 1:32:31]} a6
{[%clk 1:32:17]} 11. Nh4 {[%clk 1:32:20]} g6 {[%clk 1:28:39]} 12. Bh6
{[%clk 1:23:18]} Re8 {[%clk 1:26:38]} 13. Nf3 {[%clk 1:23:19]} Bf8
{[%clk 1:22:31]} 14. Bxf8 {[%clk 1:16:54]} Nxf8 {[%clk 1:17:46]} 15. dxe5
{[%clk 1:12:23]} dxe5 {[%clk 1:17:54]} 16. Ng5 {[%clk 1:12:24]} Re7
{[%clk 1:17:14]} 17. Qf3 {[%clk 1:02:12]} Kg7 {[%clk 1:17:11]} 18. Rad1
{[%clk 1:01:20]} Qc7 {[%clk 1:15:52]} 19. Qe3 {[%clk 0:59:48]} a5
{[%clk 1:06:09]} 20. g3 {[%clk 0:51:50]} Bc8 {[%clk 1:01:26]} 21. Kg2
{[%clk 0:50:14]} Ne6 {[%clk 0:57:02]} 22. Nxe6+ {[%clk 0:44:33]} Bxe6
{[%clk 0:57:18]} 23. Bxe6 {[%clk 0:42:00]} Rxe6 {[%clk 0:57:46]} 24. Qd2
{[%clk 0:36:25]} Rae8 {[%clk 0:52:47]} 25. Re3 {[%clk 0:33:31]} Qe7
{[%clk 0:51:08]} 26. b3 {[%clk 0:30:39]} Qb4 {[%clk 0:49:51]} 27. f3
{[%clk 0:25:52]} R8e7 {[%clk 0:46:46]} 28. Rd3 {[%clk 0:24:37]} Re8
{[%clk 0:33:00]} 29. Qe3 {[%clk 0:21:26]} Rb8 {[%clk 0:28:13]} 30. R1d2
{[%clk 0:20:04]} Qe7 {[%clk 0:26:09]} 31. Rd1 {[%clk 0:18:33]} Qb4
{[%clk 0:26:28]} 32. h4 {[%clk 0:16:16]} h5 {[%clk 0:24:55]} 33. R1d2
{[%clk 0:14:07]} Qe7 {[%clk 0:24:03]} 34. Qg5 {[%clk 0:11:43]} Qb4
{[%clk 0:22:10]} 35. Rd1 {[%clk 0:10:58]} Nh7 {[%clk 0:21:48]} 36. Qd2
{[%clk 0:09:40]} Nf6 {[%clk 0:22:09]} 37. Nb1 {[%clk 0:08:34]} Qc5
{[%clk 0:20:26]} 38. Qc3 {[%clk 0:07:56]} Qe7 {[%clk 0:19:40]} 39. Nd2
{[%clk 0:05:19]} Kf8 {[%clk 0:08:20]} 40. Nc4 {[%clk 0:04:41]} Qc5
{[%clk 0:02:02]} 41. Qd2 {[%clk 0:23:06]} Kg7 {[%clk 0:31:14]} 42. Qf2
{[%clk 0:22:03]} Qb4 {[%clk 0:27:06]} 43. Qd2 {[%clk 0:21:37]} Qc5
{[%clk 0:27:27]} 44. Qc3 {[%clk 0:20:39]} Ra8 {[%clk 0:19:42]} 45. Rd6
{[%clk 0:14:49]} Rae8 {[%clk 0:11:26]} 46. Qe3 {[%clk 0:13:30]} Qxe3
{[%clk 0:11:39]} 47. Nxe3 {[%clk 0:13:55]} b5 {[%clk 0:09:35]} 48. Rxe6
{[%clk 0:13:41]} Rxe6 {[%clk 0:10:00]} 49. Ra1 {[%clk 0:13:56]} bxa4
{[%clk 0:07:41]} 50. Rxa4 {[%clk 0:13:58]} Rd6 {[%clk 0:07:39]} 51. Rxa5
{[%clk 0:14:03]} Nd7 {[%clk 0:08:06]} 52. Nc4 {[%clk 0:13:12]} Rd1
{[%clk 0:08:12]} 53. Kf2 {[%clk 0:12:43]} Kf8 {[%clk 0:07:00]} 54. Ra6
{[%clk 0:10:58]} c5 {[%clk 0:06:35]} 55. Ra8+ {[%clk 0:09:59]} Ke7
{[%clk 0:06:59]} 56. Ne3 {[%clk 0:10:13]} Rd2+ {[%clk 0:06:24]} 57. Ke1
{[%clk 0:10:21]} Rd6 {[%clk 0:04:54]} 58. Nd5+ {[%clk 0:10:39]} Ke6
{[%clk 0:04:59]} 59. Re8# {[%clk 0:11:01]}  1-0

[Event "Prague Open 2022 - A IM Open"]
[Site "Olympik hotel, Prague"]
[Date "2022.01.09"]
[Round "4"]
[Board "24"]
[White "Grutter, Tim"]
[Black "Zadrapa, Radek"]
[Result "1-0"]
[WhiteElo "2194"]
[BlackElo "2021"]
[PlyCount "0"]
[EventDate "2022.01.07"]
[EventRounds "9"]
[EventCountry "CZE"]

1. e4 {[%clk 1:30:55]} c5 {[%clk 1:30:55]} 2. Nf3 {[%clk 1:31:16]} d6
{[%clk 1:31:21]} 3. d4 {[%clk 1:31:41]} cxd4 {[%clk 1:31:49]} 4. Nxd4
{[%clk 1:32:06]} Nf6 {[%clk 1:32:16]} 5. Nc3 {[%clk 1:32:31]} a6 {[%clk 1:32:42]}
6. h4 {[%clk 1:32:22]} b5 {[%clk 1:30:46]} 7. a4 {[%clk 1:32:27]} b4
{[%clk 1:23:09]} 8. Nd5 {[%clk 1:32:08]} e6 {[%clk 1:14:58]} 9. Nxf6+
{[%clk 1:30:46]} Qxf6 {[%clk 1:13:00]} 10. Bg5 {[%clk 1:24:53]} Qe5
{[%clk 1:11:45]} 11. Bd3 {[%clk 1:20:36]} Nd7 {[%clk 1:09:04]} 12. Nf3
{[%clk 1:13:25]} Qxb2 {[%clk 1:05:02]} 13. O-O {[%clk 1:12:55]} h6
{[%clk 1:03:59]} 14. Bd2 {[%clk 1:06:44]} Be7 {[%clk 0:57:27]} 15. Qe2
{[%clk 1:01:03]} Qf6 {[%clk 0:52:12]} 16. Bxb4 {[%clk 0:58:06]} O-O
{[%clk 0:50:15]} 17. e5 {[%clk 0:55:40]} Qf4 {[%clk 0:47:53]} 18. exd6
{[%clk 0:48:26]} Qxb4 {[%clk 0:38:10]} 19. dxe7 {[%clk 0:48:26]} Re8
{[%clk 0:38:33]} 20. Rfb1 {[%clk 0:39:44]} Qg4 {[%clk 0:35:06]} 21. Qe3
{[%clk 0:35:52]} Nf6 {[%clk 0:31:40]} 22. Qc5 {[%clk 0:27:21]} Bd7
{[%clk 0:27:56]} 23. Rb4 {[%clk 0:25:07]} Qh5 {[%clk 0:26:56]} 24. Qxh5
{[%clk 0:25:10]} Nxh5 {[%clk 0:27:20]} 25. Ne5 {[%clk 0:25:09]} Ra7
{[%clk 0:19:21]} 26. Nxd7 {[%clk 0:24:25]} Rxd7 {[%clk 0:19:42]} 27. Bxa6
{[%clk 0:24:43]} Rdxe7 {[%clk 0:20:01]} 28. Rb7 {[%clk 0:23:04]} Kf8
{[%clk 0:20:13]} 29. Rab1 {[%clk 0:21:18]} Ra8 {[%clk 0:18:24]} 30. Rxe7
{[%clk 0:19:42]} Kxe7 {[%clk 0:18:49]} 31. Rb7+ {[%clk 0:20:03]} Kd6
{[%clk 0:18:38]} 32. Bb5 {[%clk 0:20:09]} f5 {[%clk 0:18:42]} 33. c4
{[%clk 0:18:46]} Ra5 {[%clk 0:16:28]} 34. Rb6+ {[%clk 0:17:23]} Ke7
{[%clk 0:16:14]} 35. c5 {[%clk 0:17:42]} Nf6 {[%clk 0:16:16]} 36. Rb7+
{[%clk 0:18:01]} Kd8 {[%clk 0:15:26]} 37. Rxg7 {[%clk 0:18:20]} Ne4
{[%clk 0:15:41]} 38. c6 {[%clk 0:18:31]} Nc5 {[%clk 0:14:44]} 39. Rh7
{[%clk 0:17:29]} Nxa4 {[%clk 0:14:09]} 40. c7+ {[%clk 0:17:49]} Kc8
{[%clk 0:14:21]} 41. Bd7+ {[%clk 0:18:14]} Kxc7 {[%clk 0:14:43]} 42. Bxa4+
{[%clk 0:18:39]} Kd6 {[%clk 0:14:50]} 43. Be8 {[%clk 0:18:11]} Ra8
{[%clk 0:13:42]} 44. Bh5 {[%clk 0:18:08]} Ra4 {[%clk 0:14:00]} 45. g3
{[%clk 0:18:14]} f4 {[%clk 0:14:00]} 46. Rxh6 {[%clk 0:17:44]}  1-0

[Event "Prague Open 2022 - A IM Open"]
[Site "Olympik hotel, Prague"]
[Date "2022.01.10"]
[Round "5"]
[Board "1"]
[White "Haring, Filip"]
[Black "Pijpers, Arthur"]
[Result "0-1"]
[WhiteElo "2398"]
[BlackElo "2486"]
[PlyCount "0"]
[EventDate "2022.01.07"]
[EventRounds "9"]
[EventCountry "CZE"]

1. e4 {[%clk 1:30:53]} c5 {[%clk 1:30:57]} 2. Nf3 {[%clk 1:30:47]} d6
{[%clk 1:31:23]} 3. d4 {[%clk 1:31:04]} cxd4 {[%clk 1:31:49]} 4. Nxd4
{[%clk 1:31:27]} Nf6 {[%clk 1:32:16]} 5. Nc3 {[%clk 1:31:48]} g6 {[%clk 1:32:43]}
6. Be3 {[%clk 1:31:28]} Bg7 {[%clk 1:33:09]} 7. f3 {[%clk 1:31:38]} Nc6
{[%clk 1:33:35]} 8. Qd2 {[%clk 1:31:15]} O-O {[%clk 1:33:59]} 9. O-O-O
{[%clk 1:30:43]} d5 {[%clk 1:34:17]} 10. exd5 {[%clk 1:30:51]} Nxd5
{[%clk 1:34:41]} 11. Nxc6 {[%clk 1:31:08]} bxc6 {[%clk 1:35:08]} 12. Bd4
{[%clk 1:31:22]} Bxd4 {[%clk 1:35:33]} 13. Qxd4 {[%clk 1:31:43]} Qb6
{[%clk 1:35:59]} 14. Na4 {[%clk 1:31:22]} Qc7 {[%clk 1:36:24]} 15. Bc4
{[%clk 1:29:51]} Rd8 {[%clk 1:36:41]} 16. Nc5 {[%clk 1:28:19]} Bf5
{[%clk 1:36:49]} 17. Bb3 {[%clk 1:28:12]} Nb6 {[%clk 1:37:09]} 18. Qe3
{[%clk 1:13:20]} Rxd1+ {[%clk 1:37:29]} 19. Rxd1 {[%clk 1:13:28]} Qxh2
{[%clk 1:37:56]} 20. g4 {[%clk 0:57:02]} Nd5 {[%clk 1:37:04]} 21. Qe1
{[%clk 0:52:53]} Qd6 {[%clk 1:24:06]} 22. Bxd5 {[%clk 0:40:45]} cxd5
{[%clk 0:50:30]} 23. Qe3 {[%clk 0:41:10]} Bc8 {[%clk 0:50:56]} 24. c4
{[%clk 0:25:42]} e6 {[%clk 0:47:08]} 25. g5 {[%clk 0:17:49]} Qh2 {[%clk 0:46:08]}
26. f4 {[%clk 0:14:00]} e5 {[%clk 0:43:20]} 27. Qd2 {[%clk 0:08:48]} Qg3
{[%clk 0:38:06]} 28. Ne4 {[%clk 0:04:13]} Qxf4 {[%clk 0:37:01]} 29. Qxf4
{[%clk 0:04:29]} exf4 {[%clk 0:37:30]} 30. cxd5 {[%clk 0:04:28]} Bf5
{[%clk 0:32:25]} 31. Nf6+ {[%clk 0:03:45]} Kg7 {[%clk 0:32:51]} 32. Rh1
{[%clk 0:02:11]} Rc8+ {[%clk 0:33:08]} 33. Kd1 {[%clk 0:02:18]} h5
{[%clk 0:33:01]} 34. Ke2 {[%clk 0:01:44]} Kf8 {[%clk 0:24:55]} 35. Kf3
{[%clk 0:01:32]} Ke7 {[%clk 0:22:51]} 36. Rh4 {[%clk 0:00:33]} Rc1
{[%clk 0:15:16]} 37. Kxf4 {[%clk 0:00:59]} Kd6 {[%clk 0:15:11]} 38. Rh2
{[%clk 0:00:33]} Rf1+ {[%clk 0:07:04]} 39. Kg3 {[%clk 0:00:45]} Bb1
{[%clk 0:06:18]} 40. a3 {[%clk 0:00:37]} Rf5 {[%clk 0:05:43]} 41. Kh4
{[%clk 0:27:21]} Rf3 {[%clk 0:34:48]} 42. Rh1 {[%clk 0:16:14]} Bf5
{[%clk 0:33:57]} 43. Rh2 {[%clk 0:16:08]} Rb3 {[%clk 0:32:11]} 44. a4
{[%clk 0:14:22]} a5 {[%clk 0:32:17]} 45. Rh1 {[%clk 0:11:13]} Rxb2
{[%clk 0:29:37]} 46. Kg3 {[%clk 0:11:02]} Rb4 {[%clk 0:29:40]} 47. Rc1
{[%clk 0:10:00]} Rxa4 {[%clk 0:29:57]} 48. Rc6+ {[%clk 0:09:39]} Ke5
{[%clk 0:30:20]} 49. d6 {[%clk 0:09:29]} Ra3+ {[%clk 0:29:40]} 50. Kf2
{[%clk 0:09:24]} Rd3 {[%clk 0:29:49]} 51. Rc5+ {[%clk 0:06:53]} Kxd6
{[%clk 0:26:22]} 52. Rxa5 {[%clk 0:07:17]} h4 {[%clk 0:26:34]} 53. Kg2
{[%clk 0:03:37]} Ke6 {[%clk 0:25:00]} 54. Kf2 {[%clk 0:01:43]} h3
{[%clk 0:21:26]} 55. Rb5 {[%clk 0:00:37]} Rd2+ {[%clk 0:21:10]} 56. Kg3
{[%clk 0:00:32]} h2 {[%clk 0:20:54]} 57. Rb6+ {[%clk 0:00:36]} Ke5
{[%clk 0:20:30]} 58. Rb5+ {[%clk 0:00:40]} Kd6 {[%clk 0:20:34]}  0-1

[Event "Prague Open 2022 - A IM Open"]
[Site "Olympik hotel, Prague"]
[Date "2022.01.10"]
[Round "5"]
[Board "2"]
[White "Mirzoev, Azer"]
[Black "Carlsson, Ludvig"]
[Result "1-0"]
[WhiteElo "2432"]
[BlackElo "2355"]
[PlyCount "0"]
[EventDate "2022.01.07"]
[EventRounds "9"]
[EventCountry "CZE"]

1. d4 {[%clk 1:30:57]} d5 {[%clk 1:29:56]} 2. c4 {[%clk 1:31:18]} e6
{[%clk 1:30:20]} 3. Nc3 {[%clk 1:31:42]} Nf6 {[%clk 1:30:12]} 4. Bg5
{[%clk 1:31:51]} Be7 {[%clk 1:29:52]} 5. e3 {[%clk 1:32:15]} h6 {[%clk 1:29:53]}
6. Bh4 {[%clk 1:32:41]} O-O {[%clk 1:30:01]} 7. Nf3 {[%clk 1:32:39]} Nbd7
{[%clk 1:30:18]} 8. Rc1 {[%clk 1:31:12]} c5 {[%clk 1:30:23]} 9. dxc5
{[%clk 1:30:50]} dxc4 10. c6 {[%clk 1:28:37]} bxc6 {[%clk 1:28:57]} 11. Bxc4
{[%clk 1:28:53]} Rb8 {[%clk 1:19:15]} 12. Qe2 {[%clk 1:26:47]} Qa5
{[%clk 1:19:36]} 13. O-O {[%clk 1:24:03]} Bb7 {[%clk 1:13:33]} 14. Rfd1
{[%clk 1:14:33]} Rfe8 {[%clk 1:13:26]} 15. Nd4 {[%clk 1:07:34]} Nb6
{[%clk 1:01:49]} 16. Bg3 {[%clk 1:05:47]} Rbc8 {[%clk 1:00:32]} 17. Nb3
{[%clk 1:02:49]} Qh5 {[%clk 0:56:03]} 18. Bd3 {[%clk 0:56:54]} Qxe2
{[%clk 0:52:40]} 19. Bxe2 {[%clk 0:57:13]} Red8 {[%clk 0:41:03]} 20. Na5
{[%clk 0:53:09]} Ba8 {[%clk 0:41:12]} 21. Ba6 {[%clk 0:51:21]} Rxd1+
{[%clk 0:41:30]} 22. Rxd1 {[%clk 0:51:45]} Rd8 {[%clk 0:41:11]} 23. Rxd8+
{[%clk 0:48:42]} Bxd8 {[%clk 0:41:35]} 24. Bb7 {[%clk 0:45:30]} Nc4
{[%clk 0:35:04]} 25. Bxa8 {[%clk 0:38:22]} Bxa5 {[%clk 0:35:20]} 26. Na4
{[%clk 0:38:10]} c5 {[%clk 0:34:20]} 27. Bf3 {[%clk 0:36:02]} Bb4
{[%clk 0:34:08]} 28. a3 {[%clk 0:32:39]} Ba5 {[%clk 0:28:19]} 29. Be2
{[%clk 0:31:57]} Nd2 {[%clk 0:28:21]} 30. Nxc5 {[%clk 0:31:59]} Nfe4
{[%clk 0:28:35]} 31. Nxe4 {[%clk 0:31:50]} Nxe4 {[%clk 0:29:00]} 32. Bb8
{[%clk 0:29:26]} Bb6 {[%clk 0:29:22]} 33. Kf1 {[%clk 0:28:13]} f6
{[%clk 0:29:18]} 34. Bd3 {[%clk 0:25:54]} Nc5 {[%clk 0:28:55]} 35. Bg6
{[%clk 0:23:38]} Nd7 {[%clk 0:29:18]} 36. Bg3 {[%clk 0:19:09]} Ne5
{[%clk 0:29:40]} 37. Bb1 {[%clk 0:18:53]} Nc4 {[%clk 0:25:30]} 38. Ba2
{[%clk 0:19:11]} Nxb2 {[%clk 0:25:54]} 39. Bxe6+ {[%clk 0:19:33]} Kh7
{[%clk 0:26:19]} 40. Bd6 {[%clk 0:18:40]} Na4 {[%clk 0:25:43]} 41. Ke2
{[%clk 0:15:17]} Nc5 {[%clk 0:23:40]} 42. Bf5+ {[%clk 0:13:21]} g6
{[%clk 0:23:16]} 43. Bc2 {[%clk 0:13:39]} Kg7 {[%clk 0:23:29]} 44. g4
{[%clk 0:13:42]} g5 {[%clk 0:22:25]} 45. a4 {[%clk 0:12:15]} Nd7 {[%clk 0:19:07]}
46. h3 {[%clk 0:12:16]} Ne5 {[%clk 0:19:13]} 47. Bb3 {[%clk 0:11:35]} Kg6
{[%clk 0:18:45]} 48. Bb4 {[%clk 0:11:35]} a5 {[%clk 0:17:48]} 49. Ba3
{[%clk 0:11:17]} h5 {[%clk 0:18:05]} 50. Bc2+ {[%clk 0:11:32]} Kg7
{[%clk 0:18:05]} 51. gxh5 {[%clk 0:11:32]} Kh6 {[%clk 0:18:08]} 52. Be7
{[%clk 0:11:39]} Nd7 {[%clk 0:18:27]} 53. Bg6 {[%clk 0:10:56]} Bc5
{[%clk 0:16:02]} 54. Bd8 {[%clk 0:10:29]} Nb6 {[%clk 0:10:45]} 55. Be8
{[%clk 0:10:43]} f5 {[%clk 0:10:53]} 56. Kd3 {[%clk 0:10:05]} f4 {[%clk 0:09:59]}
57. exf4 {[%clk 0:10:25]} gxf4 {[%clk 0:10:20]} 58. f3 {[%clk 0:10:31]} Be3
{[%clk 0:09:22]} 59. h4 {[%clk 0:09:26]} Kg7 {[%clk 0:09:00]} 60. Bc7
{[%clk 0:08:40]} Kh7 {[%clk 0:07:40]} 61. Ke4 {[%clk 0:08:05]} Nc4
{[%clk 0:04:24]} 62. Bxf4 {[%clk 0:05:36]} Bxf4 {[%clk 0:03:30]} 63. Kxf4
{[%clk 0:06:04]} Kh6 {[%clk 0:03:39]} 64. Bb5 {[%clk 0:06:09]} Nb6
{[%clk 0:03:17]} 65. Ke5 {[%clk 0:03:05]} Kxh5 {[%clk 0:03:14]} 66. Kd6
{[%clk 0:01:14]} Kxh4 {[%clk 0:03:37]} 67. Kc5 {[%clk 0:01:38]} Nc8
{[%clk 0:03:31]} 68. Bd7 {[%clk 0:01:56]}  1-0

[Event "Prague Open 2022 - A IM Open"]
[Site "Olympik hotel, Prague"]
[Date "2022.01.10"]
[Round "5"]
[Board "3"]
[White "Vojta, Jakub"]
[Black "Jurcik, Marian"]
[Result "0-1"]
[WhiteElo "2216"]
[BlackElo "2397"]
[PlyCount "0"]
[EventDate "2022.01.07"]
[EventRounds "9"]
[EventCountry "CZE"]

1. c4 {[%clk 1:30:56]} e5 {[%clk 1:22:47]} 2. Nc3 {[%clk 1:31:21]} Nf6
{[%clk 1:22:10]} 3. g3 {[%clk 1:31:45]} d5 {[%clk 1:17:38]} 4. cxd5
{[%clk 1:32:09]} Nxd5 {[%clk 1:18:04]} 5. Bg2 {[%clk 1:32:34]} Nb6
{[%clk 1:18:12]} 6. e3 {[%clk 1:32:57]} Nc6 {[%clk 1:16:30]} 7. Nge2
{[%clk 1:33:21]} Bg4 {[%clk 1:14:13]} 8. d4 {[%clk 1:14:20]} exd4
{[%clk 1:11:27]} 9. exd4 {[%clk 1:14:45]} Bd6 {[%clk 1:10:24]} 10. h3
{[%clk 1:05:24]} Bf5 {[%clk 1:01:41]} 11. O-O {[%clk 0:54:48]} O-O
{[%clk 0:58:25]} 12. d5 {[%clk 0:48:32]} Ne5 {[%clk 0:55:29]} 13. Nd4
{[%clk 0:48:37]} Bd3 {[%clk 0:42:02]} 14. Re1 {[%clk 0:47:58]} Bg6
{[%clk 0:41:22]} 15. Bf1 {[%clk 0:35:18]} Qf6 {[%clk 0:38:28]} 16. Ne4
{[%clk 0:28:29]} Bxe4 {[%clk 0:38:14]} 17. Rxe4 {[%clk 0:28:57]} Nxd5
{[%clk 0:35:06]} 18. Nb5 {[%clk 0:26:39]} Bc5 {[%clk 0:31:33]} 19. Bf4
{[%clk 0:25:01]} Nxf4 {[%clk 0:29:22]} 20. Rxf4 {[%clk 0:25:29]} Qg6
{[%clk 0:26:01]} 21. Qb3 {[%clk 0:22:48]} Bb6 {[%clk 0:14:19]} 22. Nd4
{[%clk 0:22:24]} Bxd4 {[%clk 0:11:34]} 23. Rxd4 {[%clk 0:22:51]} b6
{[%clk 0:09:14]} 24. Bg2 {[%clk 0:17:45]} Rad8 {[%clk 0:08:50]} 25. Rad1
{[%clk 0:16:23]} Rxd4 {[%clk 0:09:09]} 26. Rxd4 {[%clk 0:16:51]} Qf6
{[%clk 0:06:55]} 27. Qd5 {[%clk 0:14:56]} c6 {[%clk 0:05:31]} 28. Qd6
{[%clk 0:14:48]} Nf3+ {[%clk 0:01:58]} 29. Bxf3 {[%clk 0:15:16]} Qxf3
{[%clk 0:02:23]} 30. Rf4 {[%clk 0:14:52]} Qd5 {[%clk 0:02:17]} 31. Qxd5
{[%clk 0:13:16]} cxd5 {[%clk 0:02:45]} 32. Ra4 {[%clk 0:11:46]} Ra8
{[%clk 0:03:14]} 33. Kf1 {[%clk 0:09:22]} Kf8 {[%clk 0:03:43]} 34. Ke2
{[%clk 0:08:44]} Ke7 {[%clk 0:04:09]} 35. Kd3 {[%clk 0:08:41]} Kd6
{[%clk 0:04:11]} 36. Rh4 {[%clk 0:06:22]} h6 {[%clk 0:03:40]} 37. Rf4
{[%clk 0:03:55]} Ke6 {[%clk 0:03:27]} 38. Ra4 {[%clk 0:02:32]} Kd6
{[%clk 0:02:06]} 39. h4 {[%clk 0:02:18]} g5 {[%clk 0:01:32]} 40. hxg5
{[%clk 0:00:54]} hxg5 {[%clk 0:02:00]} 41. Ra6 {[%clk 0:28:22]} Kc5
{[%clk 0:30:32]} 42. a4 {[%clk 0:22:52]} Kc6 {[%clk 0:30:05]} 43. b4
{[%clk 0:23:18]} Kb7 {[%clk 0:29:28]} 44. b5 {[%clk 0:23:47]} Rc8
{[%clk 0:29:15]} 45. a5 {[%clk 0:20:32]} Rc5 {[%clk 0:29:06]} 46. axb6
{[%clk 0:21:01]} axb6 {[%clk 0:29:29]} 47. Ra1 {[%clk 0:13:57]} Rxb5
{[%clk 0:29:44]} 48. Re1 {[%clk 0:14:09]} Rb3+ {[%clk 0:28:54]} 49. Kd4
{[%clk 0:14:24]} Rf3 {[%clk 0:29:10]} 50. Re2 {[%clk 0:13:46]} Rf5
{[%clk 0:22:37]} 51. g4 {[%clk 0:04:41]} Rf4+ {[%clk 0:22:59]} 52. Kxd5
{[%clk 0:05:07]} f6 {[%clk 0:23:23]} 53. Ke6 {[%clk 0:03:48]} b5 {[%clk 0:23:23]}
 0-1

[Event "Prague Open 2022 - A IM Open"]
[Site "Olympik hotel, Prague"]
[Date "2022.01.10"]
[Round "5"]
[Board "4"]
[White "Ondrus, Martin"]
[Black "Mikes, Jan"]
[Result "0-1"]
[WhiteElo "2267"]
[BlackElo "2332"]
[PlyCount "0"]
[EventDate "2022.01.07"]
[EventRounds "9"]
[EventCountry "CZE"]

1. e4 {[%clk 1:25:36]} c5 {[%clk 1:30:44]} 2. Nf3 {[%clk 1:25:59]} d6
{[%clk 1:31:09]} 3. d4 {[%clk 1:26:23]} cxd4 {[%clk 1:31:34]} 4. Nxd4
{[%clk 1:26:50]} Nf6 {[%clk 1:31:59]} 5. Nc3 {[%clk 1:27:16]} Nc6
{[%clk 1:31:53]} 6. f3 {[%clk 1:26:18]} e5 {[%clk 1:31:43]} 7. Nb3
{[%clk 1:26:45]} Be7 {[%clk 1:31:52]} 8. Be3 {[%clk 1:27:05]} O-O
{[%clk 1:31:37]} 9. Qd2 {[%clk 1:27:20]} a5 {[%clk 1:29:18]} 10. Bb5
{[%clk 1:23:09]} Be6 {[%clk 1:28:16]} 11. Nd5 {[%clk 1:21:30]} Bxd5
{[%clk 1:28:16]} 12. exd5 {[%clk 1:21:52]} Na7 {[%clk 1:28:43]} 13. Be2
{[%clk 1:18:36]} a4 {[%clk 1:29:08]} 14. Nc1 {[%clk 1:17:50]} Nc8
{[%clk 1:29:32]} 15. c4 {[%clk 1:15:40]} b5 {[%clk 1:29:58]} 16. cxb5
{[%clk 1:08:37]} Nb6 {[%clk 1:30:23]} 17. O-O {[%clk 1:08:52]} Nfxd5
{[%clk 1:28:51]} 18. Bf2 {[%clk 1:09:08]} Bg5 {[%clk 1:27:58]} 19. Qd3
{[%clk 1:07:52]} Rc8 {[%clk 1:25:01]} 20. a3 {[%clk 1:05:27]} f5 {[%clk 1:20:26]}
21. Na2 {[%clk 1:05:05]} Nf4 {[%clk 1:16:53]} 22. Qd1 {[%clk 1:05:24]} d5
{[%clk 1:16:52]} 23. Nb4 {[%clk 1:04:47]} d4 {[%clk 1:16:30]} 24. Re1
{[%clk 1:03:11]} Kh8 {[%clk 1:06:45]} 25. Bf1 {[%clk 1:03:01]} Qf6
{[%clk 0:58:43]} 26. g3 {[%clk 0:58:12]} Ne6 {[%clk 0:49:28]} 27. Nd3
{[%clk 0:52:22]} Nc4 {[%clk 0:47:12]} 28. f4 {[%clk 0:51:56]} e4 {[%clk 0:42:42]}
29. fxg5 {[%clk 0:51:27]} Nxg5 {[%clk 0:43:06]} 30. Bg2 {[%clk 0:51:18]} exd3
{[%clk 0:20:14]} 31. Qxd3 {[%clk 0:48:43]} Ne5 {[%clk 0:17:54]} 32. Qe2
{[%clk 0:38:20]} Rce8 {[%clk 0:14:49]} 33. Kh1 {[%clk 0:36:33]} d3
{[%clk 0:13:33]} 34. Qd1 {[%clk 0:35:16]} Ne4 {[%clk 0:11:27]} 35. Ba7
{[%clk 0:28:44]} Re7 {[%clk 0:06:14]} 36. Rf1 {[%clk 0:27:53]} Nxg3+
{[%clk 0:05:29]} 37. hxg3 {[%clk 0:28:16]} Rxa7 {[%clk 0:05:42]}  0-1

[Event "Prague Open 2022 - A IM Open"]
[Site "Olympik hotel, Prague"]
[Date "2022.01.10"]
[Round "5"]
[Board "5"]
[White "Hrbek, Stepan"]
[Black "Lim, Zhuo Ren"]
[Result "0-1"]
[WhiteElo "2235"]
[BlackElo "2311"]
[PlyCount "0"]
[EventDate "2022.01.07"]
[EventRounds "9"]
[EventCountry "CZE"]

1. e4 {[%clk 1:29:25]} c5 {[%clk 1:30:36]} 2. Nf3 {[%clk 1:28:52]} d6
{[%clk 1:30:55]} 3. Bb5+ {[%clk 1:29:15]} Nc6 {[%clk 1:29:25]} 4. O-O
{[%clk 1:29:31]} Bd7 {[%clk 1:29:46]} 5. Re1 {[%clk 1:29:35]} Nf6
{[%clk 1:29:10]} 6. c3 {[%clk 1:29:36]} a6 {[%clk 1:28:48]} 7. Bf1
{[%clk 1:29:58]} Bg4 {[%clk 1:28:16]} 8. d4 {[%clk 1:26:35]} cxd4
{[%clk 1:28:05]} 9. cxd4 {[%clk 1:25:56]} g6 {[%clk 1:28:09]} 10. Nc3
{[%clk 1:22:09]} Bg7 {[%clk 1:26:05]} 11. Be3 {[%clk 1:21:26]} Nd7
{[%clk 1:17:11]} 12. d5 {[%clk 1:19:54]} Nce5 {[%clk 1:17:05]} 13. h3
{[%clk 1:03:44]} Bxf3 {[%clk 1:11:43]} 14. gxf3 {[%clk 1:04:07]} Rc8
{[%clk 1:12:01]} 15. f4 {[%clk 0:52:31]} Nc4 {[%clk 1:11:40]} 16. Bd4
{[%clk 0:49:42]} Nxb2 {[%clk 1:06:06]} 17. Qd2 {[%clk 0:49:45]} Bxd4
{[%clk 1:06:29]} 18. Qxd4 {[%clk 0:50:11]} O-O {[%clk 1:06:48]} 19. Rab1
{[%clk 0:50:01]} Qc7 {[%clk 0:56:09]} 20. Rec1 {[%clk 0:30:39]} Nc4
{[%clk 0:55:20]} 21. a4 {[%clk 0:26:25]} Na5 {[%clk 0:53:07]} 22. Ne2
{[%clk 0:26:27]} Qb8 {[%clk 0:47:31]} 23. Nc3 {[%clk 0:21:03]} Qc7
{[%clk 0:30:24]} 24. Ne2 {[%clk 0:21:10]} Qd8 {[%clk 0:28:57]} 25. Qb4
{[%clk 0:17:39]} Rxc1 {[%clk 0:28:39]} 26. Rxc1 {[%clk 0:18:03]} Qb6
{[%clk 0:28:16]} 27. Qe1 {[%clk 0:17:17]} Nb3 {[%clk 0:21:01]} 28. Rb1
{[%clk 0:16:27]} Qa5 {[%clk 0:20:56]} 29. Qd1 {[%clk 0:15:17]} Nbc5
{[%clk 0:20:31]} 30. Qd4 {[%clk 0:15:31]} Qxa4 {[%clk 0:19:43]} 31. Qxa4
{[%clk 0:15:36]} Nxa4 {[%clk 0:20:11]} 32. Rxb7 {[%clk 0:16:00]} Nac5
{[%clk 0:20:32]} 33. Ra7 {[%clk 0:16:25]} Rb8 {[%clk 0:18:06]} 34. Nd4
{[%clk 0:16:06]} Rb4 {[%clk 0:18:01]} 35. Nc6 {[%clk 0:16:02]} Rxe4
{[%clk 0:18:22]} 36. Bxa6 {[%clk 0:15:40]} Nf6 {[%clk 0:13:39]} 37. Bf1
{[%clk 0:12:14]} Nxd5 {[%clk 0:10:27]} 38. Bg2 {[%clk 0:12:39]} Re1+
{[%clk 0:10:48]} 39. Kh2 {[%clk 0:13:05]} Nxf4 {[%clk 0:10:34]} 40. Nxe7+
{[%clk 0:13:29]} Kf8 {[%clk 0:10:47]} 41. Nc8 {[%clk 0:12:52]} Nxg2
{[%clk 0:09:33]} 42. Kxg2 {[%clk 0:13:16]} Re6 {[%clk 0:09:51]} 43. f3
{[%clk 0:08:11]} Ke8 {[%clk 0:03:08]} 44. Nb6 {[%clk 0:06:08]} Kf8
{[%clk 0:00:41]} 45. Nc8 {[%clk 0:04:54]} h5 {[%clk 0:27:37]} 46. Kg3
{[%clk 0:30:46]} Nb3 {[%clk 0:26:26]} 47. Ra4 {[%clk 0:25:52]} d5
{[%clk 0:25:36]} 48. Rb4 {[%clk 0:25:36]} Nc1 {[%clk 0:25:41]} 49. Rb1
{[%clk 0:24:55]} Ne2+ {[%clk 0:26:02]} 50. Kf2 {[%clk 0:25:23]} h4
{[%clk 0:25:48]} 51. Rb4 {[%clk 0:20:23]} g5 {[%clk 0:25:53]}  0-1